[Event "Lleida-ch U18"]
[Site "Tarrega"]
[Date "2010.12.18"]
[Round "6"]
[White "Arno Bendicho, Arnau"]
[Black "Frances Cuscullola, Oriol"]
[Result "1/2-1/2"]
[WhiteElo "1907"]
[BlackElo "2071"]
[PlyCount "94"]
[EventDate "2010.10.30"]
[EventType "swiss"]
[EventRounds "6"]
[EventCountry "ESP"]
[SourceTitle "EXT 2015"]
[Source "ChessBase"]
[SourceDate "2014.11.20"]
[SourceVersion "1"]
[SourceVersionDate "2014.11.20"]
[SourceQuality "1"]

1. d4 Nf6 2. Nf3 d5 3. Bg5 Ne4 4. Bh4 Nc6 5. e3 Bf5 6. c3 h6 7. Nbd2 g5 8. Bg3 Nxg3 9. hxg3 Bg7 10. Nb3 e5 11. dxe5 Nxe5 12. Nxe5 Bxe5 13. Nd4 Bg6 14. Bd3 Bxd4 15. Qa4+ Ke7 16. Qxd4 Bxd3 17. Qxd3 Qd6 18. 0-0-0 Rad8 19. e4 c6 20. exd5 cxd5 21. Rhe1+ Kf6 22. Qd4+ Kg6 23. Re5 Qa6 24. Rxd5 Rxd5 25. Qxd5 Re8 26. Qd3+ Qxd3 27. Rxd3 Re2 28. Rd2 Re1+ 29. Kc2 g4 30. f3 f5 31. Kd3 gxf3 32. gxf3 Kg5 33. Rg2 b6 34. g4 Kf4 35. gxf5 Kxf5 36. Rh2 Re6 37. Rh4 a6 38. a4 Kg5 39. Rg4+ Kf5 40. Rd4 Re1 41. Kd2 Re6 42. b4 h5 43. c4 Kg5 44. c5 bxc5 45. bxc5 h4 46. Rd5+ Kf4 47. Rd4+ Kg5 1/2-1/2

[Event "Lleida-ch U18"]
[Site "Tarrega"]
[Date "2010.11.27"]
[Round "5"]
[White "Frances Cuscullola, Oriol"]
[Black "Aldoma Pubill, Roger"]
[Result "1-0"]
[WhiteElo "2071"]
[BlackElo "1663"]
[PlyCount "53"]
[EventDate "2010.10.30"]
[EventType "swiss"]
[EventRounds "6"]
[EventCountry "ESP"]
[SourceTitle "EXT 2015"]
[Source "ChessBase"]
[SourceDate "2014.11.20"]
[SourceVersion "1"]
[SourceVersionDate "2014.11.20"]
[SourceQuality "1"]

1. Nf3 d5 2. g3 Nf6 3. Bg2 c6 4. b3 Bf5 5. d3 e6 6. Nh4 Bg6 7. Bb2 Be7 8. Nxg6 hxg6 9. Nd2 Qb6 10. e4 Na6 11. Qf3 Nb4 12. Kd1 dxe4 13. dxe4 0-0-0 14. a3 Rd7 15. Kc1 Rhd8 16. Nc4 Nd3+ 17. Qxd3 Qxf2 18. Qf1 Qc5 19. Qe2 b5 20. Ne3 Ng4 21. Nd5 cxd5 22. Qxg4 dxe4 23. Qxe4 Rd1+ 24. Rxd1 Bg5+ 25. Kb1 Rxd1+ 26. Ka2 Rxa1+ 27. Bxa1 1-0

[Event "Lleida-ch U18"]
[Site "Tarrega"]
[Date "2010.11.13"]
[Round "3"]
[White "Santamaria Bonet, Marc"]
[Black "Frances Cuscullola, Oriol"]
[Result "0-1"]
[WhiteElo "1793"]
[BlackElo "2071"]
[PlyCount "66"]
[EventDate "2010.10.30"]
[EventType "swiss"]
[EventRounds "6"]
[EventCountry "ESP"]
[SourceTitle "EXT 2015"]
[Source "ChessBase"]
[SourceDate "2014.11.20"]
[SourceVersion "1"]
[SourceVersionDate "2014.11.20"]
[SourceQuality "1"]

1. c4 c6 2. g3 Nf6 3. Bg2 d5 4. b3 e5 5. Bb2 Nbd7 6. cxd5 cxd5 7. Nf3 Bd6 8. 0-0 0-0 9. d3 Re8 10. Nc3 Nc5 11. Nb5 Bb8 12. b4 Qb6 13. a4 Nxa4 14. Qxa4 Bd7 15. Qa5 Qxb5 16. Rfc1 Bd6 17. Bc3 a6 18. Nh4 Rac8 19. Bd2 Rxc1+ 20. Rxc1 Qxa5 21. bxa5 Rc8 22. Rb1 Bb5 23. Nf5 Bf8 24. Bg5 Bc6 25. Ne3 e4 26. Bxf6 gxf6 27. dxe4 dxe4 28. Rc1 Re8 29. Rc4 h5 30. Nc2 Re5 31. Nb4 Bb5 32. Rc8 Bxe2 33. Rc2 Bf3 0-1

[Event "Lleida Province-ch"]
[Site "Almenar"]
[Date "2010.10.??"]
[Round "4"]
[White "Frances Cuscullola, Oriol"]
[Black "Ortiz Navarro, Miquel Angel"]
[Result "0-1"]
[WhiteElo "2071"]
[BlackElo "2024"]
[PlyCount "110"]
[EventDate "2010.10.10"]
[EventType "swiss"]
[EventRounds "9"]
[EventCountry "ESP"]
[SourceTitle "EXT 2015"]
[Source "ChessBase"]
[SourceDate "2014.11.20"]
[SourceVersion "1"]
[SourceVersionDate "2014.11.20"]
[SourceQuality "1"]

1. Nc3 e6 2. Nf3 d5 3. e4 Nf6 4. e5 Nfd7 5. d4 c5 6. Bf4 b6 7. Bg5 f6 8. exf6 Nxf6 9. Ne5 Be7 10. Bb5+ Bd7 11. Nxd7 Nfxd7 12. Bxe7 Qxe7 13. 0-0 0-0 14. dxc5 Qxc5 15. Qe2 Rf6 16. Rad1 Nc6 17. Ne4 dxe4 18. Rxd7 Raf8 19. Bxc6 Qxc6 20. Rd4 e3 21. f3 Rh6 22. Qc4 Qxc4 23. Rxc4 Rd8 24. Re1 Rd2 25. Rxe3 Rd1+ 26. Kf2 Rxh2 27. Rc8+ Kf7 28. Rc7+ Kf6 29. Kg3 Rh5 30. f4 Rhd5 31. Rc6 Rd6 32. Rxd6 Rxd6 33. Rd3 Rxd3+ 34. cxd3 e5 35. Kf3 exf4 36. Kxf4 g5+ 37. Kg4 Kg6 38. d4 h5+ 39. Kf3 Kf5 40. Ke3 h4 41. d5 g4 42. d6 Ke6 43. Kf4 h3 44. gxh3 gxh3 45. d7 Kxd7 46. Kg3 Kd6 47. Kxh3 Kd5 48. Kg4 Ke4 49. Kg3 Ke3 50. Kg4 Kd3 51. Kf4 Kc2 52. b4 b5 53. Ke4 Kc3 54. a3 Kb3 55. Kd4 Kxa3 0-1

[Event "Catalunya-ch U20"]
[Site "Vila Seca"]
[Date "2010.04.02"]
[Round "4"]
[White "Marin Benito, Carla"]
[Black "Frances Cuscullola, Oriol"]
[Result "1/2-1/2"]
[WhiteElo "1812"]
[BlackElo "2019"]
[PlyCount "75"]
[EventDate "2010.03.31"]
[EventType "swiss"]
[EventRounds "9"]
[EventCountry "ESP"]
[SourceTitle "CBM 135 Extra"]
[Source "ChessBase"]
[SourceDate "2010.05.04"]
[SourceVersion "1"]
[SourceVersionDate "2010.05.04"]
[SourceQuality "1"]

1. e4 Nf6 2. e5 Nd5 3. d4 d6 4. Nf3 Nc6 5. Bb5 a6 6. Ba4 Nb6 7. Bxc6+ bxc6 8. 0-0 g6 9. Bf4 Bg7 10. Re1 0-0 11. c3 Rb8 12. Qc1 Re8 13. Bh6 Bg4 14. Bxg7 Kxg7 15. Nbd2 f6 16. exd6 cxd6 17. h3 Bc8 18. Ne4 a5 19. a4 Nc4 20. Rb1 Rb3 21. Nfd2 Nxd2 22. Nxd2 Rb8 23. b4 Bf5 24. Rb2 e5 25. Nc4 exd4 26. Rxe8 Qxe8 27. Nxd6 Qe6 28. Nxf5+ gxf5 29. cxd4 Rxb4 30. Rxb4 axb4 31. Qb2 Qe1+ 32. Kh2 Qc3 33. Qe2 Qxd4 34. Qe7+ Kh6 35. Qf8+ Kg5 36. Qg8+ Kf4 37. Qb8+ Ke4 38. a5 1/2-1/2

[Event "Catalunya-ch U20"]
[Site "Vila Seca"]
[Date "2010.04.01"]
[Round "2"]
[White "Coll Ortega, Jordi"]
[Black "Frances Cuscullola, Oriol"]
[Result "1-0"]
[WhiteElo "2221"]
[BlackElo "2019"]
[PlyCount "115"]
[EventDate "2010.03.31"]
[EventType "swiss"]
[EventRounds "9"]
[EventCountry "ESP"]
[SourceTitle "CBM 135 Extra"]
[Source "ChessBase"]
[SourceDate "2010.05.04"]
[SourceVersion "1"]
[SourceVersionDate "2010.05.04"]
[SourceQuality "1"]

1. e4 e5 2. Nf3 Nf6 3. Nxe5 d6 4. Nf3 Nxe4 5. Nc3 Nf6 6. d4 Bg4 7. h3 Bh5 8. Bd3 Nc6 9. g4 Bg6 10. Bxg6 hxg6 11. g5 Nd7 12. Be3 Nb6 13. d5 Ne5 14. Qe2 Qe7 15. Nxe5 dxe5 16. 0-0-0 0-0-0 17. Kb1 Rh4 18. Nb5 Kb8 19. d6 cxd6 20. Bxb6 axb6 21. Qe3 Ra4 22. Nc3 Ra6 23. Nd5 Qd7 24. Nb4 Ra7 25. Qxb6 Rc8 26. Rd3 Qc7 27. Qxc7+ Rxc7 28. Nd5 Rc6 29. b3 Kc8 30. a4 Kd7 31. f4 Ke6 32. c4 f5 33. Kb2 Be7 34. Re1 e4 35. Nb4 Rc8 36. Rde3 Rh8 37. Nd5 Bd8 38. Ra1 Ra6 39. Rd1 Bb6 40. Rc3 Rh4 41. Ka3 Bd8 42. b4 Ra8 43. Kb3 Rc8 44. a5 Bc7 45. Ra1 Bb8 46. a6 bxa6 47. Rxa6 Rch8 48. Rb6 Kd7 49. Rb7+ Kc6 50. Rxg7 Rxh3 51. Rxg6 Rxc3+ 52. Kxc3 Rh3+ 53. Kd2 Rh2+ 54. Kc3 Rh3+ 55. Kc2 Rh2+ 56. Kb3 e3 57. Re6 e2 58. Nc3 1-0

[Event "Catalunya-ch U14"]
[Site "Vila Seca"]
[Date "2007.04.02"]
[Round "4"]
[White "Frances Cuscullola, Oriol"]
[Black "Pacheco Bubi, Rafael"]
[Result "1/2-1/2"]
[WhiteElo "2002"]
[BlackElo "1861"]
[PlyCount "109"]
[EventDate "2007.03.31"]
[EventType "swiss"]
[EventRounds "8"]
[EventCountry "ESP"]
[SourceTitle "EXT 2023"]
[Source "ChessBase"]
[SourceDate "2022.10.05"]
[SourceVersion "1"]
[SourceVersionDate "2022.10.05"]
[SourceQuality "1"]

1. d4 Nf6 2. c4 c5 3. e3 g6 4. Nc3 Bg7 5. Nf3 0-0 6. g3 d6 7. Bg2 Bg4 8. Qb3 Qd7 9. h3 Bxf3 10. Bxf3 Nc6 11. dxc5 dxc5 12. Bg2 Qc7 13. Nb5 Qb6 14. 0-0 Na5 15. Qc2 a6 16. Na3 Rfd8 17. Bd2 Nc6 18. Bc3 Rd6 19. Rfd1 Rad8 20. Rxd6 Rxd6 21. Rd1 Qd8 22. Rxd6 Qxd6 23. Qd2 Qxd2 24. Bxd2 Ne8 25. b3 Nd6 26. Nc2 Kf8 27. Bxc6 bxc6 28. Ba5 Ne4 29. Bb6 Be5 30. b4 Bd6 31. f3 Nd2 32. bxc5 Nxc4 33. Kf2 Ke8 34. Ba7 Bc7 35. Nb4 Kd7 36. Nxa6 Kc8 37. Nxc7 Kxc7 38. Ke2 Kb7 39. Bb6 Nxb6 40. cxb6 Kxb6 41. Kd3 Kc5 42. Kc3 Kb5 43. e4 h6 44. f4 h5 45. a4+ Kc5 46. g4 f6 47. f5 hxg4 48. fxg6 gxh3 49. g7 h2 50. g8Q h1Q 51. Qc4+ Kb6 52. Qb4+ Ka6 53. Qc4+ Kb6 54. Qb4+ Ka6 55. Kd4 1/2-1/2

[Event "Barbera del Valles op 29th"]
[Site "Barbera del Valles"]
[Date "2006.07.08"]
[Round "4"]
[White "Frances Cuscullola, Oriol"]
[Black "Martinez Balaguer, Josep Maria"]
[Result "1-0"]
[WhiteElo "2009"]
[BlackElo "1938"]
[PlyCount "45"]
[EventDate "2006.07.05"]
[EventType "swiss"]
[EventRounds "9"]
[EventCountry "ESP"]
[SourceTitle "CBM 113 Extra"]
[Source "ChessBase"]
[SourceDate "2006.09.14"]
[SourceVersion "1"]
[SourceVersionDate "2006.09.14"]
[SourceQuality "1"]

1. Nf3 Nf6 2. g3 g6 3. d4 Bg7 4. b3 0-0 5. Bb2 c5 6. e3 cxd4 7. exd4 Qa5+ 8. Nbd2 b5 9. Bg2 Bb7 10. 0-0 Na6 11. c4 bxc4 12. Nxc4 Qh5 13. Re1 Rfe8 14. Re5 Qg4 15. Ne3 Bxf3 16. Bxf3 Qh3 17. Bg2 Qh6 18. Bxa8 Rxa8 19. Bc1 Qh3 20. Qf3 d5 21. Rxe7 Nb4 22. Ba3 Nc6 23. Nxd5 1-0